[Event "SK Bocholt 2 - SV Heiden 2"]
[Site "Verbandsklasse, Gr. 1 2022/20"]
[Date "2022.11.19"]
[Round "3.8"]
[White "Harbring, Morten"]
[Black "Meis, Jonas"]
[Result "1/2-1/2"]
[WhiteElo "1309"]
[BlackElo "1540"]
[PlyCount "119"]
[EventDate "2022.??.??"]
[SourceTitle "Verband Muensterland"]
[SourceDate "2023.01.17"]
[SourceVersion "1"]
[SourceVersionDate "2023.01.17"]
[SourceQuality "1"]
[WhiteTeam "SK Bocholt 2"]
[BlackTeam "SV Heiden 2"]

1. e4 c6 2. d4 d5 3. exd5 cxd5 4. Bd3 Nc6 5. c3 e5 6. dxe5 Nxe5 7. Qe2 Qe7 8.
Bc2 Nf6 9. h3 Qe6 10. Bf4 Bd6 11. Nd2 O-O 12. Be3 b6 13. Ngf3 Bb7 14. Nd4 Qd7
15. O-O a5 16. Qd1 Rfe8 17. N2f3 Qc8 18. Nxe5 Bxe5 19. Qf3 Ne4 20. Rac1 Bxd4
21. Bxd4 Re6 22. Qg4 Rg6 23. Qxc8+ Bxc8 24. f3 Bxh3 25. fxe4 Rxg2+ 26. Kh1 Rxc2
27. Rxc2 Bxf1 28. exd5 Bc4 29. d6 Bxa2 30. Bxb6 Be6 31. Rd2 Bd7 32. c4 a4 33.
Rc2 a3 34. bxa3 Rxa3 35. c5 Bc6+ 36. Kh2 f5 37. Re2 f4 38. Re7 Ra2+ 39. Kg1
Rg2+ 40. Kf1 f3 41. d7 Bb5+ 42. Re2 fxe2+ 43. Kxg2 Bxd7 44. Kf2 Bb5 45. c6 Bxc6
46. Kxe2 Kf7 47. Kf2 g5 48. Kg3 h5 49. Bc7 Kg6 50. Kh3 Bd7+ 51. Kg3 h4+ 52. Kh2
Kh5 53. Kg2 g4 54. Bf4 Kg6 55. Kh2 Kf5 56. Bd6 Bc6 57. Be7 g3+ 58. Kh3 g2 59.
Kh2 Kg4 60. Bc5 1/2-1/2